Online
Catalog

Por el bien común : (Record no. 58687)

MARC details
000 -CABECERA
campo de control de longitud fija 01717nam a2200337 i 4500
003 - IDENTIFICADOR DEL NÚMERO DE CONTROL
campo de control DO-SdBNP
005 - FECHA Y HORA DE LA ÚLTIMA TRANSACCIÓN
campo de control 20250625125818.0
007 - CAMPO FIJO DE DESCRIPCIÓN FÍSICA--INFORMACIÓN GENERAL
campo de control de longitud fija ta
008 - DATOS DE LONGITUD FIJA--INFORMACIÓN GENERAL
campo de control de longitud fija 250625b2025 dr ac||| |||| 00| 0 spa d
020 ## - NÚMERO INTERNACIONAL ESTÁNDAR DEL LIBRO
Número Internacional Estándar del Libro 9789945945287
040 ## - FUENTE DE LA CATALOGACIÓN
Centro catalogador/agencia de origen DO-SdBNP
Lengua de catalogación spa
Centro/agencia transcriptor BNPHU
Normas de descripción rda
041 ## - CÓDIGO DE LENGUA
Código de lengua del texto/banda sonora o título independiente spa
082 #4 - NÚMERO DE LA CLASIFICACIÓN DECIMAL DEWEY
Número de clasificación xxx
Número de documento/Ítem U42p
Número de edición 22
100 1# - ENTRADA PRINCIPAL--NOMBRE DE PERSONA
Nombre de persona Ulloa, Pablo,
Término indicativo de función/relación autor
Código de función/relación aut.
9 (RLIN) 82840
245 14 - MENCIÓN DE TÍTULO
Título Por el bien común :
Resto del título acia un estado de bienestar para todos /
Mención de responsabilidad, etc. Pablo Ulloa ; prólogo de Jorge Subero Isa ; arte de cubierta, Martín González ; diagramación, Jenny Luna ; fotografías, Robert Vásquez, Kelvin Moquete y Ernesto Ríos.
250 ## - MENCIÓN DE EDICIÓN
Mención de edición Primera edición
264 #4 - PRODUCCIÓN, PUBLICACIÓN, DISTRIBUCIÓN, FABRICACIÓN Y COPYRIGHT
Producción, publicación, distribución, fabricación y copyright Santo Domingo, República Dominicana :
Nombre del de productor, editor, distribuidor, fabricante Impresora Soto Castillo,
Fecha de producción, publicación, distribución, fabricación o copyright ©2025.
300 ## - DESCRIPCIÓN FÍSICA
Extensión volumen :
Otras características físicas ilustraciones, fotografías ;
Dimensiones 25 cm.
336 ## - TIPO DE CONTENIDO
Término de tipo de contenido texto
Código de tipo de contenido txt
Fuente rdacontent
337 ## - TIPO DE MEDIO
Nombre/término del tipo de medio sin mediación
Código del tipo de medio n
Fuente rdamedia
338 ## - TIPO DE SOPORTE
Nombre/término del tipo de soporte volumen
Código del tipo de soporte nc
Fuente rdacarrier
500 ## - NOTA GENERAL
Nota general Incluye datos biográficos del autor en las solapas
505 ## - NOTA DE CONTENIDO CON FORMATO
Nota de contenido con formato Introducción. Un compromiso con el futuro : reflexiones sobre los desafíos de República Dominicana hacia un estado de bienestar -- Capítulo1. Fundamentos filosóficos y contexto histórico -- Capítulo II. Introducción al estado de bienestar y desarrollo Anécdota -- Capítulo III. Evaluación del estado dominicana hacia un estado de bienestar -- Ejes claves del estado de bienestar --
590 ## - NOTA LOCAL (RLIN)
Nota local Inventariado, 2025 /LP
700 1# - PUNTO DE ACCESO ADICIONAL--NOMBRE DE PERSONA
Nombre de persona Bachelet, Michelle,
Término indicativo de función/relación prologuista
Código de función/relación pr.
9 (RLIN) 85063
700 1# - PUNTO DE ACCESO ADICIONAL--NOMBRE DE PERSONA
Nombre de persona Vásquez, Robert,
Término indicativo de función/relación fotógrafo
Código de función/relación fot.
9 (RLIN) 88185
700 1# - PUNTO DE ACCESO ADICIONAL--NOMBRE DE PERSONA
Nombre de persona Moquete, Kelvin,
Término indicativo de función/relación fotógrafo
Código de función/relación fot.
9 (RLIN) 88186
700 1# - PUNTO DE ACCESO ADICIONAL--NOMBRE DE PERSONA
Nombre de persona Ríos, Ernesto,
Término indicativo de función/relación fotógrafo
Código de función/relación fot.
9 (RLIN) 88187
910 ## - DATOS DE OPCIÓN DEL USUARIO (OCLC)
Datos de opción del usuario LP
942 ## - ELEMENTOS DE PUNTO DE ACCESO ADICIONAL (KOHA)
Fuente del sistema de clasificación o colocación Dewey Decimal Classification
Tipo de ítem Koha Libro
Holdings
Estado de retiro Estado de pérdida Fuente del sistema de clasificación o colocación Restricciones de uso No para préstamo Código de colección Localización permanente Ubicación/localización actual Ubicación en estantería Fecha de adquisición Fuente de adquisición Total de préstamos Signatura topográfica completa Código de barras Fecha visto por última vez Número de copia Precio válido a partir de Tipo de ítem Koha
    Dewey Decimal Classification Excluido de préstamo   Patrimonio Dominicano Biblioteca Nacional Pedro Henríquez Ureña Biblioteca Nacional Pedro Henríquez Ureña Depósito 19.03.2025 Depósito Legal   xxx U42p 2025-3050 09.04.2025 v.1 09.04.2025 Libro
    Dewey Decimal Classification Excluido de préstamo   Patrimonio Dominicano Biblioteca Nacional Pedro Henríquez Ureña Biblioteca Nacional Pedro Henríquez Ureña Depósito 19.03.2025 Depósito Legal   xxx U42p 2025-3051 09.04.2025 v.1, e.2 09.04.2025 Libro
    Dewey Decimal Classification Préstamo en sala   Dominicana de Servicio Biblioteca Nacional Pedro Henríquez Ureña Biblioteca Nacional Pedro Henríquez Ureña Depósito 19.03.2025 Depósito Legal   xxx U42p 2025-3054 09.04.2025 v.1, e.3 09.04.2025 Libro

Powered by Koha